000 00404nam a2200145 4500
001 109047
003 ES-MaACL
007 t|
008 061121s1967 sp r ||||1| spa d
100 1 _aMiró, Adrián.
_981595
245 1 0 _aGlosario de arte y artistas alcoyanos /
_cAdrián Miró.
260 _aAlcoy,
_c1967 (
_fImp. La Victoria)
300 _a88 p. ;
_c21 cm.
852 _aES-MaACL
_jB-8489
_bR.66304
999 _c109047
_d109047